[Event "Titled Tuesday intern op 26th Oct"]
[Site "Chess.com INT"]
[Date "2021.10.26"]
[Round "10"]
[White "Potapova, Margarita"]
[Black "Martins, Vinicius Tine"]
[Result "1-0"]
[WhiteElo "2257"]
[BlackElo "2299"]
[PlyCount "119"]
[EventDate "2021.10.26"]
[EventType "swiss (blitz)"]
[EventRounds "11"]
[EventCountry "USA"]
[SourceTitle "CBM 204 Extra"]
[Source "ChessBase"]
[SourceDate "2021.11.30"]
[SourceVersion "1"]
[SourceVersionDate "2021.11.30"]
[SourceQuality "1"]

1. e4 c5 2. g3 d5 3. exd5 Qxd5 4. Nf3 Nc6 5. Bg2 Bg4 6. h3 Bh5 7. 0-0 Nf6 8. d3 Qd7 9. g4 Nxg4 10. hxg4 Bxg4 11. Be3 e5 12. Nbd2 Bd6 13. Ne4 b6 14. Nxd6+ Qxd6 15. Qd2 0-0 16. Ng5 f5 17. f4 Rae8 18. Rae1 h6 19. Nf3 Rf6 20. Nxe5 Nxe5 21. fxe5 Rxe5 22. Bf2 Rfe6 23. Rxe5 Qxe5 24. c4 Kh7 25. Bd5 Rg6 26. Kh1 f4 27. Bh4 Qh5 28. Qh2 Bf5 29. Be4 Bxe4+ 30. dxe4 Rg4 31. Bf2 Qe5 32. Re1 Rg5 33. Bh4 Rh5 34. Qh3 g5 35. Qd7+ Kg6 36. Qc6+ Qf6 37. Qe8+ Qf7 38. Qc6+ Kh7 39. e5 Rxh4+ 40. Kg2 Qf5 41. Qc7+ Kg6 42. Qc6+ Kh5 43. Qe8+ Kg4 44. Rg1 Qc2+ 45. Kf1+ Kf3 46. Qc6+ Qe4 47. Qxe4+ Kxe4 48. e6 Rh3 49. e7 Rf3+ 50. Kg2 Rg3+ 51. Kh2 Kf3 52. e8Q g4 53. Qc6+ Kf2 54. Rxg3 fxg3+ 55. Kh1 h5 56. Qg2+ Ke3 57. Qxg3+ Ke4 58. b3 Kf5 59. Qh4 Kf4 60. Kg2 1-0

[Event "Titled Tuesday intern op 26th Oct"]
[Site "Chess.com INT"]
[Date "2021.10.26"]
[Round "5"]
[White "Zaitsev, Alexander"]
[Black "Martins, Vinicius Tine"]
[Result "0-1"]
[WhiteElo "2473"]
[BlackElo "2299"]
[PlyCount "124"]
[EventDate "2021.10.26"]
[EventType "swiss (blitz)"]
[EventRounds "11"]
[EventCountry "USA"]
[SourceTitle "CBM 204 Extra"]
[Source "ChessBase"]
[SourceDate "2021.11.30"]
[SourceVersion "1"]
[SourceVersionDate "2021.11.30"]
[SourceQuality "1"]

1. e4 c5 2. Nf3 d6 3. d4 cxd4 4. Qxd4 Bd7 5. h3 Nc6 6. Qe3 g6 7. c4 Bg7 8. Be2 Nf6 9. 0-0 0-0 10. Nc3 a6 11. Rd1 Qa5 12. Bd2 Qc5 13. Rab1 Rac8 14. a3 Be6 15. Rbc1 Nd7 16. b4 Qxe3 17. Bxe3 Nce5 18. Nxe5 Nxe5 19. Nd5 Bxd5 20. exd5 Nd7 21. Rc2 Rc7 22. c5 Rfc8 23. Rdc1 Nb8 24. Bd3 Be5 25. Kf1 Kg7 26. g4 h6 27. f4 Bf6 28. Ke2 g5 29. Bf5 Rd8 30. cxd6 Rxc2+ 31. Rxc2 Rxd6 32. Rc7 Rxd5 33. Rxb7 Nc6 34. fxg5 Bxg5 35. Bxg5 hxg5 36. Be4 Re5 37. Kd3 Nd8 38. Rd7 Ne6 39. Bf5 Nf4+ 40. Kd4 Re2 41. Ra7 e6 42. Be4 Kf6 43. Rxa6 Nxh3 44. b5 Nf2 45. Bc6 Rd2+ 46. Ke3 Rb2 47. b6 Nxg4+ 48. Kd4 Ne5 49. Be4 Nd7 50. b7 Ke7 51. Ra4 Kd6 52. Ra8 f5 53. Bh1 g4 54. Kc3 Rb6 55. Rd8 Kc7 56. Re8 Nc5 57. Kc4 Nxb7 58. Re7+ Kb8 59. Bxb7 Rxb7 60. Rxe6 Rg7 61. Kd3 g3 62. Re1 f4 0-1